Perfect TOEFL junior practice test : Darakwon TOEFL Junior, Research Team
Providing students with practice tests tha are similar to the real TOEFL Junior Test as possible
Đã lưu trong:
| Formáid: | Leabhar |
|---|---|
| Teanga: | Undetermined |
| Foilsithe: |
Thành phố Hồ Chí Minh
Tổng hợp Thành phố Hồ Chí Minh
2014
|
| Ábhair: | |
| Clibeanna: |
Cuir Clib Leis
Gan Chlibeanna, Bí ar an gcéad duine leis an taifead seo a chlibeáil!
|
| Thư viện lưu trữ: | Trung tâm Học liệu Trường Đại học Cần Thơ |
|---|
| LEADER | 00782nam a2200217Ia 4500 | ||
|---|---|---|---|
| 001 | CTU_196912 | ||
| 008 | 210402s9999 xx 000 0 und d | ||
| 020 | |c 198000 | ||
| 082 | |a 428.0076 | ||
| 082 | |b P426/B.2 | ||
| 245 | 0 | |a Perfect TOEFL junior practice test : | |
| 245 | 0 | |b Darakwon TOEFL Junior, Research Team | |
| 245 | 0 | |c Hoàng Phú Phương biên tập | |
| 260 | |a Thành phố Hồ Chí Minh | ||
| 260 | |b Tổng hợp Thành phố Hồ Chí Minh | ||
| 260 | |c 2014 | ||
| 520 | |a Providing students with practice tests tha are similar to the real TOEFL Junior Test as possible | ||
| 650 | |a English language,Anh ngữ | ||
| 650 | |x Examinations,Kỹ thì | ||
| 904 | |i Tuyến | ||
| 980 | |a Trung tâm Học liệu Trường Đại học Cần Thơ | ||